| 000 | 01026nam a22003017a 4500 | ||
|---|---|---|---|
| 003 | CHAP | ||
| 005 | 20220329140918.0 | ||
| 008 | 971013s1981 r 00010 d | ||
| 010 | _a59702 | ||
| 011 | _a60674 | ||
| 035 | _a64836 | ||
| 040 | _cCHAP | ||
| 090 | _aFolleto 6727 (1979-80) | ||
| 100 | 0 | 0 |
_aFranco, E. _942989 |
| 245 |
_aEvaluación agroeconómica de ensayos conducidos en campo de agricultores en el Valle del Mantaro _b: Perú campaña, 1979 _c/ 80 |
||
| 260 |
_aLima : _bCentro Internacional de la Papa, _c1981 |
||
| 300 |
_a32 p. _b; gráfs. |
||
| 490 |
_aDocumento de trabajo _v; 1981-1 |
||
| 590 |
_aBATCH-UPD _b10 _c20130110 _lUCH01 _h1748 |
||
| 590 |
_aBATCH-UPD _b10 _c20130410 _lUCH01 _h1126 |
||
| 590 |
_aBATCH-UPD _b10 _c20130914 _lUCH01 _h1212 |
||
| 590 |
_aCONVERSION _b10 _c20130109 _lUCH01 _h1332 |
||
| 650 | 1 | 4 |
_aPapa _xInvestigación. _985254 |
| 830 | 0 |
_aDocumento de trabajo _v; 1981-1 _933227 |
|
| 901 | _aBK | ||
| 942 | _cFOLL | ||
| 949 |
_aFolleto 6727 (1979-80) _bBC _cFOLL _d-142386 _eTS1 _i64836 _si |
||
| 999 |
_c59702 _d59702 |
||